000 00609nam a2200241Ia 4500
003 OSt
005 20220918222706.0
006 a|||||r|||| 00| 0
007 ta
008 220917b |||||||| |||| 00| 0 eng d
024 _a217,839
037 _cTextual
040 _aARTS
_cARTS
_beng
041 _2eng
_aeng
082 _aNB,5, N8
100 _aNasar Jack L
_9143801
245 0 _aEvaluative image of the City
260 _aLondon
_bSage publications
_c1998
300 _ax, 182p.
_ccm.
650 _aARTS
942 _hNB,5, N8
_cTEXL
_2CC
999 _c276195
_d276195